000 01167nam a2200289 u 4500
001 000020401
003 DO-SdBNP
005 20230719130221.0
008 100813s2015 dr 000 0 spa d
020 _a9789945893519
040 _aDO-SdBNP
_bspa
_cBPMSU
082 4 _a980
_bG935b 2015
_222
100 1 _aGuerra Vilaboy, Sergio
_d1949-
245 1 0 _aBreve historia de la integración de América Latina y el Caribe :
_b un sueño bicentenario /
_cSergio Guerra Vilaboy.
260 _aSanto Domingo,
_bMinisterio para Políticas de Integración Regional,
_c2015.
300 _av. ;
_b22 cm.
490 0 _aEducar para integrar
504 _aBibliografía p.143-153
505 _8Incluye índice onomástico
590 _6Inventariado, 2022/VM
651 4 _aAmérica Latina
_xHistoria.
_vEnsayos, conferencias, etc.
_2
651 4 _aCaribe (Región, República Dominicana)
_xIntegración económica
_x Historia
651 4 _aAmérica Latina
_xIntegración económica
_xHistoria
_vEnsayos, conferencias
710 2 _aMinisterio para Políticas de Integración Regional (República Dominicana)
910 _aVMateo V. Control de calidad. BPMSU
942 _2ddc
_cBK
999 _c14259
_d14259